000 00460nam a2200205Ia 4500
001 13871
003 GE_BSU
008 181216s||||||||xx |||||||||||||| ||und||
020 _a9780061958038
040 _cGE_BSU
080 _a821.111.3
100 _aSparks,Kerrelyn.
245 _aEat prey love.
260 _aNew York.
260 _bAvon.Harper collins publishers.
260 _c2010
300 _a373p;18cm.
653 _aEat prey love.
942 _cBK
999 _c47015
_d47015